داستان طراذ (Record no. 20605)

MARC details
000 -LEADER
fixed length control field 01725nam a22003017a 4500
005 - DATE AND TIME OF LATEST TRANSACTION
control field 20090105155939.0
008 - FIXED-LENGTH DATA ELEMENTS--GENERAL INFORMATION
fixed length control field 081223t xxu||||| |||| 00| 0 urd d
010 ## - LCCN (DPL NO)
LC control number UR-7542
020 ## - INTERNATIONAL STANDARD BOOK NUMBER
Terms of availability 200.00
International Standard Book Number 818223381X
035 ## - SYSTEM CONTROL NUMBER
System control number B-283799-803
035 ## - SYSTEM CONTROL NUMBER
System control number U-6097
040 ## - CATALOGING SOURCE
Original cataloging agency dpl
Language of cataloging ur
082 ## - DEWEY DECIMAL CLASSIFICATION NUMBER
Classification number 840.8
100 ## - MAIN ENTRY--PERSONAL NAME
Personal name قرۃ العین حیدر
245 ## - TITLE STATEMENT
Title داستان طراذ
Statement of responsibility, etc قرۃ العین حیدر
246 ## - VARYING FORM OF TITLE
Title proper/short title Dastan taraaz
Remainder of title by Qurrat-ul-ain Hyder
260 ## - PUBLICATION, DISTRIBUTION, ETC. (IMPRINT)
Place of publication, distribution, etc دہلی
Name of publisher, distributor, etc ایجو کیشنل پبلیشنگ ہاوس
Date of publication, distribution, etc 2008
300 ## - PHYSICAL DESCRIPTION
Extent 238 p.
Dimensions 22 cm. (Hb)
650 ## - SUBJECT ADDED ENTRY--TOPICAL TERM
Topical term or geographic name as entry element Urdu literature
650 ## - SUBJECT ADDED ENTRY--TOPICAL TERM
Topical term or geographic name as entry element بردو ادب
942 ## - ADDED ENTRY ELEMENTS (KOHA)
Source of classification or shelving scheme Dewey Decimal Classification
Item type Urdu Bks
Classification part 840.8
Call number suffix ق ر ت
Holdings
Withdrawn status Lost status Source of classification or shelving scheme Damaged status Not for loan Collection code Home library Current library Date acquired Cost, normal purchase price Total Checkouts Full call number Barcode Date last seen Copy number Cost, replacement price Koha item type Source of acquisition
    Dewey Decimal Classification     Non-fiction Central Library Central Library 05/01/2009 200.00 1 840.8 ق ر ت B-283799 19/02/2018 1 200.00 Urdu Bks  
    Dewey Decimal Classification   Not For Loan Non-fiction D.B.Act.Division D.B.Act.Division 07/09/2009 200.00   840.8 ق ر ت U-6097 07/09/2009 1 200.00 Urdu Bks DBAD / PUB
    Dewey Decimal Classification     Non-fiction Karol Bagh Karol Bagh 05/01/2009 200.00   840.8 ق ر ت B-283802 05/01/2009 1 200.00 Urdu Bks  
    Dewey Decimal Classification     Non-fiction Patel Nagar Patel Nagar 05/01/2009 200.00   840.8 ق ر ت B-283800 05/01/2009 1 200.00 Urdu Bks  
    Dewey Decimal Classification     Non-fiction Sarojini Nagar Sarojini Nagar 05/01/2009 200.00   840.8 ق ر ت B-283801 05/01/2009 1 200.00 Urdu Bks  
    Dewey Decimal Classification     Non-fiction Shahdara Branch Shahdara Branch 05/01/2009 200.00 1 840.8 ق ر ت B-283803 26/09/2022 1 200.00 Urdu Bks  

© Delhi Public Library
Hit Counter
free hit counter